Statistics for Geography of Western Africa on a Map

Click here to take the quiz!

General Stats

  • This quiz has been taken 180 times
    (125 since last reset)
  • The average score is 35 of 51

Answer Stats

Type Location % Correct
CountryGuinea
100%
CountryNiger
100%
CountryNigeria
100%
CountrySenegal
100%
CountryBurkina Faso
99%
CountryBenin
98%
CountryGhana
98%
CountryGuinea-Bissau
98%
CountryLiberia
98%
CountryMali
98%
CountrySierra Leone
98%
CountryTogo
97%
CountryGambia
97%
CountryIvory Coast
97%
CountryMauritania
96%
DesertSahara Desert
95%
OceanAtlantic Ocean
93%
Capital CityAbuja
91%
Capital CityDakar
89%
Capital CityAccra
88%
Capital CityFreetown
88%
Other CityLagos
86%
Capital CityBissau
85%
CountryCape Verde
85%
Capital CityNiamey
80%
Capital CityOuagadougou
79%
Capital CityMonrovia
79%
Capital CityBamako
79%
Capital CityConakry
78%
Capital CityLomé
76%
Capital CityBanjul
73%
Capital CityNouakchott
72%
Capital CityPorto-Novo
or Cotonou
72%
GulfGulf of Guinea
68%
Other CityAbidjan
66%
Other CityTimbuktu
64%
Capital CityYamoussoukro
61%
Capital CityPraia
58%
RiverNiger River
53%
Other CityKano
48%
Other CityPort Harcourt
29%
RiverSenegal River
25%
Other CityKumasi
23%
LakeLake Volta
21%
MountainMount Bintumani
4%
MountainMount Richard-Molard
3%
RiverBenue River
3%
LakeLake Faguibine
3%
MountainMont Idoukal-n-Taghès
2%
MountainMount Wuteve
2%
LakeLake Manantali
2%

Score Distribution

Percentile by Number Answered

Percent of People with Each Score

Your Score History

You have not taken this quiz since the last reset